=LDR 00000nam 2200000 4500 =001 INLIS000000000033358 =005 20130612135322 =008 ***********************************Ind** =035 ##$$0010-061300000033358 =041 ##$$a Ind =082 ##$$a 8X0.8 =090 ##$$a 8X0.8, Bur a =100 ##$$a Burhan,Jazir =245 ##$$a Apresiasi cerita rekaan sastra Indonesia Murid Kelas III SPG DKI Jakarta, Jazir Burhan,Batlimus,Nurbaiti Djamalus =260 ##$$a 1983 $b Jakarta =300 ##$$a xvi,106 hlm., 21 cm =650 ##$$a Sastra Indonesia =850 ##$$a NBPNMAT